000
00318nam a2200145Ia 4500
100
_a
Millman/Jacol
650
_a
Electrical Engineering
942
_c
BK
654
_a
Microelectronic
245
_a
Microelectronic
260
_b
McGraw Hill
_a
Auckland
_c
1979
082
_a
621.3
300
_a
881
546
_a
ENGLISH
999
_c
27008
_d
27008